000
00339nam a2200145Ia 4500
008
150201s2009 xx 000 0 und d
082
_a
616.01
_b
M09R
100
_a
RAJAN, T.V.
245
_a
TB. OF MEDICAL PARASITOLOGY
250
_a
1ST
260
_b
B.I. PUB.
_a
DELHI
_c
2009
300
_a
278
650
_a
MICROBIOLOGY
942
_2
ddc
_c
BK
999
_c
2275
_d
2275